Đổi mới chính sách và cơ chế quản lý kinh tế bảo đảm sự tăng trưởng kinh tế bền vững Đồng chủ biên: Vũ Đình Bách, Ngô Đình Giao

Sách được hình thành từ việc chọn lọc tập hợp các bài nghiên cứu tham luận của các chuyên gia, các nhà khoa học và quản lý trong khuôn khổ của chương trình khoa học công nghệ cấp Nhà nước KX 03- Đổi mới chính sách và cơ chế quản lý kinh t...

תיאור מלא

שמור ב:
מידע ביבליוגרפי
מחבר ראשי: Vũ, Đình Bách
פורמט: ספר
שפה:Undetermined
יצא לאור: Hà Nội Chính trị Quốc gia 1996
נושאים:
תגים: הוספת תג
אין תגיות, היה/י הראשונ/ה לתייג את הרשומה!
Thư viện lưu trữ: Trung tâm Học liệu Trường Đại học Cần Thơ
LEADER 01316nam a2200205Ia 4500
001 CTU_127407
008 210402s9999 xx 000 0 und d
082 |a 330.09597 
082 |b B102 
100 |a Vũ, Đình Bách 
245 0 |a Đổi mới chính sách và cơ chế quản lý kinh tế bảo đảm sự tăng trưởng kinh tế bền vững 
245 0 |b Đồng chủ biên: Vũ Đình Bách, Ngô Đình Giao 
260 |a Hà Nội 
260 |b Chính trị Quốc gia 
260 |c 1996 
520 |a Sách được hình thành từ việc chọn lọc tập hợp các bài nghiên cứu tham luận của các chuyên gia, các nhà khoa học và quản lý trong khuôn khổ của chương trình khoa học công nghệ cấp Nhà nước KX 03- Đổi mới chính sách và cơ chế quản lý kinh tế. Sách cung cấp cho bạn đọc những kiến thức khác nhau trong quá trình nghiên cứu nhận thức đổi mới chính sách và cơ chế quản lý kinh tế. 
650 |a Viet Nam 
650 |x Developing countries,Socioeconomic conditions 
904 |i Bằng (sửa) 
980 |a Trung tâm Học liệu Trường Đại học Cần Thơ